书目信息 |
| 题名: |
新时代 新思想 新征程
|
|
| 作者: | 邓纯东, 主编 | |
| 分册: | ||
| 出版信息: | 北京 人民日报出版社 2018.03 |
|
| 页数: | 271页 | |
| 开本: | 24cm | |
| 丛书名: | ||
| 单 册: | ||
| 中图分类: | D61-53 | |
| 科图分类: | ||
| 主题词: | 马克思主义--ma ke si zhu yi--中国--文集 | |
| 电子资源: | ||
| ISBN: | 978-7-5115-5205-1 | |
| 000 | 01321nam0 2200277 450 | |
| 001 | CAL 0120182446258 | |
| 005 | 20180604161038.7 | |
| 010 | @a978-7-5115-5205-1@dCNY39.80 | |
| 100 | @a20180604d2018 em y0chiy50 ea | |
| 101 | 0 | @achi |
| 102 | @aCN@b110000 | |
| 105 | @ay z 000yy | |
| 106 | @ar | |
| 200 | 1 | @a新时代 新思想 新征程@Axin shi dai xin si xiang xin zheng cheng@e学习习近平新时代中国特色社会主义思想@f邓纯东主编@Fdeng chun dong zhu bian |
| 210 | @a北京@c人民日报出版社@d2018.03 | |
| 215 | @a271页@d24cm | |
| 300 | @a中国社会科学院马克思主义理论创新智库成果 | |
| 314 | @a邓纯东, 中国社会科学院马克思主义研究院党委书记等职。 | |
| 330 | @a本书收录了《夺取新时代伟大胜利的行动纲领》《彰显中国特色社会主义无比优越性和强大生命力》《努力构建中国特色社会主义政治经济学》《深刻理解中国特色社会主义进入新的发展阶段》《实现伟大梦想必须进行伟大斗争》《坚定文化自信的理论自觉 —— 访中国社会科学院大学特聘教授侯惠勤》《全面从严治党的核心是加强党的领导》等文章。 | |
| 517 | 1 | @a学习习近平新时代中国特色社会主义思想@Axue xi xi jin ping xin shi dai zhong guo te se she hui zhu yi si xiang |
| 586 | @a | |
| 606 | 0 | @a马克思主义@Ama ke si zhu yi@y中国@j文集 |
| 690 | @aD61-53@v5 | |
| 701 | 0 | @a邓纯东,@Adeng chun dong@f1957.10-@4主编 |
| 801 | 0 | @aCN@c20180604 |
| 905 | @a河南城建学院图书馆@dD61-53@eD260@f2 | |
| 新时代 新思想 新征程:学习习近平新时代中国特色社会主义思想/邓纯东主编.-北京:人民日报出版社,2018.03 |
| 271页;24cm |
| 中国社会科学院马克思主义理论创新智库成果 |
| ISBN 978-7-5115-5205-1:CNY39.80 |
| 本书收录了《夺取新时代伟大胜利的行动纲领》《彰显中国特色社会主义无比优越性和强大生命力》《努力构建中国特色社会主义政治经济学》《深刻理解中国特色社会主义进入新的发展阶段》《实现伟大梦想必须进行伟大斗争》《坚定文化自信的理论自觉 —— 访中国社会科学院大学特聘教授侯惠勤》《全面从严治党的核心是加强党的领导》等文章。 |
| ● |
| 相关链接 |
|
|
|
正题名:新时代 新思想 新征程
索取号:D61-53/D260
 
预约/预借
| 序号 | 登录号 | 条形码 | 馆藏地/架位号 | 状态 | 备注 |
| 1 | 1411298 | 214112985 | 社科库509/509社科库 72排2列3层/ [索取号:D61-53/D260] | 在馆 | |
| 2 | 1411299 | 214112994 | 社科库509/509社科库 72排2列3层/ [索取号:D61-53/D260] | 在馆 |